000
00360nam a2200169Ia 4500
003
0STCL
008
150530s9999 xx 000 0 und d
040
_a
STCL
_c
STCL
100
_a
Sujay Nair
245
_a
Digit - April -2008
260
_c
2008
_a
Mumbai
300
_a
0
546
_a
English
942
_2
ddc
_c
BK
999
_c
1070
_d
1070
005
20220125160213.0